000 00465nam a2200169Ia 4500
008 190509s9999 xx 000 0 und d
100 _aHayes, Steven
245 _a10 Signs you know what matters/
245 _cSteven Hayes
260 _bSussex Publisher
260 _c2018
300 _aPages 50-59, September/October 2018
440 _aPsychology Today: Core Values
_v1/2/1900 3:05:00 AM
650 _apersonal
650 _avalues
650 _awell-being
999 _c361810
_d361810